The harder parts of partnering (Record no. 118091)

MARC details
000 -LEADER
fixed length control field 01489cam a2200289 4500
001 - CONTROL NUMBER
control field ABS68199
008 - FIXED-LENGTH DATA ELEMENTS--GENERAL INFORMATION
fixed length control field 040930n2004 000 0 eng u
035 ## - SYSTEM CONTROL NUMBER
System control number (Sirsi) u127581
100 ## - MAIN ENTRY--PERSONAL NAME
Personal name March, D.
245 #4 - TITLE STATEMENT
Title The harder parts of partnering
260 ## - PUBLICATION, DISTRIBUTION, ETC.
Date of publication, distribution, etc. 2004
490 ## - SERIES STATEMENT
Series statement Construction Law Review
Volume/sequential designation 2004, 20-24(4)
520 ## - SUMMARY, ETC.
Summary, etc. Reviews current attitudes to partnering. Suggests it is intended to move the industry on from adversarial contracting. Outlines the history of partnering contracts and emphasises their differences from other types of contract. Distinguishes the different kinds of partnering contract such as bilateral co-operative construction and binding multiparty. Looks at some common complaints about partnering such as cost escalation. Concludes that despite the potential risks, partnering tends to reduce problems and disputes because of the collaborative way of working and the hierarchy of dispute resolution.
590 ## - LOCAL NOTE (RLIN)
Local note ABS
590 ## - LOCAL NOTE (RLIN)
Local note ABS
650 ## - SUBJECT ADDED ENTRY--TOPICAL TERM
Topical term or geographic name entry element BUILT ENVIRONMENT-BUILDING CONTRACT FORMS
650 ## - SUBJECT ADDED ENTRY--TOPICAL TERM
Topical term or geographic name entry element ADVERSARIAL RELATIONSHIPS
650 ## - SUBJECT ADDED ENTRY--TOPICAL TERM
Topical term or geographic name entry element PPC 2000
650 ## - SUBJECT ADDED ENTRY--TOPICAL TERM
Topical term or geographic name entry element BE COLLABORATIVE CONTRACT
650 ## - SUBJECT ADDED ENTRY--TOPICAL TERM
Topical term or geographic name entry element ICHEME BURGUNDY BOOK 2003 EDITION
650 ## - SUBJECT ADDED ENTRY--TOPICAL TERM
Topical term or geographic name entry element NEC PARTNERING OPTION X12 1ST ED
650 ## - SUBJECT ADDED ENTRY--TOPICAL TERM
Topical term or geographic name entry element CIVIL LIABILITY (CONTRIBUTION) ACT 1978
650 ## - SUBJECT ADDED ENTRY--TOPICAL TERM
Topical term or geographic name entry element JCT PRACTICE NOTE 4
650 ## - SUBJECT ADDED ENTRY--TOPICAL TERM
Topical term or geographic name entry element LAW REFORM (CONTRIBUTORY NEGLIGENCE) ACT 1945
690 ## - LOCAL SUBJECT ADDED ENTRY--TOPICAL TERM (OCLC, RLIN)
Topical term or geographic name as entry element BUILDING AND CONSTRUCTION-PROCUREMENT, PARTNERING, TENDERING
942 ## - ADDED ENTRY ELEMENTS (KOHA)
Suppress in OPAC 0
Holdings
Withdrawn status Lost status Source of classification or shelving scheme Damaged status Not for loan Home library Current library Shelving location Date acquired Total Checkouts Full call number Barcode Date last seen Copy number Price effective from Koha item type
    Dewey Decimal Classification     London London Journal article 30/09/2004   ABS68199 127581-1001 06/08/2019 1 06/08/2019 Journal article